[Event "Flint (Class C/3)"]
[Site "?"]
[Date "1993.??.??"]
[Round "?"]
[White "Duke, Daniel"]
[Black "Smith, Lester"]
[Result "0-1"]
[WhiteElo "1605"]
[BlackElo "1605"]
[PlyCount "50"]
[EventDate "1993.??.??"]

1. e4 e5 2. Nf3 Nc6 3. Bb5 Bc5 4. d3 d6 5. O-O Bg4 6. h3 Bh5 7. Re1 h6 8. Be3
Bxe3 9. Rxe3 Nf6 10. Qd2 O-O 11. c3 a6 12. Bxc6 bxc6 13. Qc2 Bxf3 14. Rxf3 d5
15. Nd2 Rb8 16. Nb3 Qd6 17. Rd1 Nh5 18. g3 Rfd8 19. Qe2 Nf6 20. exd5 cxd5 21.
d4 Re8 22. dxe5 Rxe5 23. Qd2 Qe6 24. Nd4 Qxh3 25. Rxf6 Rh5 0-1

[Event "Flint (Class C/1)"]
[Site "?"]
[Date "1993.??.??"]
[Round "?"]
[White "Duke, Daniel"]
[Black "Attaya, Jim"]
[Result "0-1"]
[WhiteElo "1605"]
[BlackElo "1605"]
[PlyCount "96"]
[EventDate "1993.??.??"]

1. e4 d6 2. d4 Nf6 3. Nc3 g6 4. g3 Bg7 5. Bg2 O-O 6. Nf3 c6 7. O-O Nbd7 8. Re1
Qb6 9. Rb1 e5 10. Be3 Ng4 11. dxe5 Nxe3 12. Rxe3 dxe5 13. Rd3 Nc5 14. Rd2 Bg4
15. h3 Be6 16. a3 Rfd8 17. b4 Nd7 18. Qe2 Qc7 19. Ng5 Nf8 20. Nxe6 Nxe6 21.
Rbd1 Nd4 22. Qg4 Bh6 23. Rd3 Nxc2 24. Qh4 Rxd3 25. Rxd3 Bg7 26. Ne2 f6 27. f4
Qb6+ 28. Kh2 Qf2 29. Rd2 Nxa3 30. fxe5 fxe5 31. Qe7 Qf7 32. Rd8+ Rxd8 33. Qxd8+
Bf8 34. Qa5 Nb5 35. Qd8 Kg7 36. Qd2 Nd6 37. Nc3 Be7 38. Qe3 a6 39. b5 axb5 40.
h4 Ne8 41. Bh3 b4 42. Na4 Qa2+ 43. Kg1 Qxa4 44. Be6 Qd1+ 45. Kg2 Qc2+ 46. Kh3
Qc5 47. Qf3 Nf6 48. g4 Qc3 0-1

[Event "Flint (Class C/4)"]
[Site "?"]
[Date "1993.??.??"]
[Round "?"]
[White "Duke, Daniel"]
[Black "Anderson, D."]
[Result "1-0"]
[WhiteElo "1605"]
[BlackElo "1605"]
[PlyCount "93"]
[EventDate "1993.??.??"]

1. e4 c5 2. Nf3 d6 3. d4 cxd4 4. Nxd4 Nf6 5. Nc3 a6 6. Bd3 Nbd7 7. O-O Nc5 8.
Kh1 Nxd3 9. cxd3 Qb6 10. Nb3 e6 11. Be3 Qd8 12. f4 Be7 13. Qf3 O-O 14. Ne2 e5
15. f5 Bd7 16. g4 h6 17. g5 hxg5 18. Bxg5 Nh7 19. Bxe7 Qxe7 20. Ng3 f6 21. Rg1
Ng5 22. Qg4 Nh7 23. Nh5 Rf7 24. Rg2 Kh8 25. h4 Rg8 26. Rc1 Rc8 27. Rcg1 Rg8 28.
Na5 Bb5 29. Rg3 Qd8 30. Nxg7 Rfxg7 31. Qxg7+ Rxg7 32. Rxg7 Bxd3 33. Kh2 Bxe4
34. Nxb7 Qf8 35. Nxd6 Qxg7 36. Rxg7 Kxg7 37. Nxe4 Nf8 38. Kh3 Nd7 39. h5 Nf8
40. Kh4 Nh7 41. b4 Nf8 42. Nc5 Kh6 43. Nxa6 Nd7 44. Nc5 Nxc5 45. bxc5 e4 46.
Kg3 Kg5 47. c6 1-0

[Event "East Lansing (MOR/5/8)"]
[Site "?"]
[Date "1993.??.??"]
[Round "?"]
[White "Drysdale, Gilbert"]
[Black "Rosenberg, Steve"]
[Result "0-1"]
[WhiteElo "1655"]
[BlackElo "1725"]
[PlyCount "84"]
[EventDate "1993.??.??"]

{5/(8)} 1. c4 Nf6 2. Nc3 g6 3. g3 Bg7 4. Bg2 d6 5. e4 e5 6. Nge2 O-O 7. O-O c6
8. d3 Bd7 9. h3 Qc8 10. Kh2 Nh5 11. Bg5 h6 12. Be7 Re8 13. Bxd6 Qd8 14. Qb3 b5
15. cxb5 Bxh3 16. Bxh3 Qxd6 17. bxc6 Nxc6 18. Nd5 Nf6 19. Nec3 Rab8 20. Qc4
Nxd5 21. Qxd5 Qf6 22. Bd7 Ne7 23. Qa5 Red8 24. Qxa7 Rxb2 25. Rab1 Rxb1 26. Rxb1
Nc6 27. Bxc6 Qxc6 28. Rb8 Rc8 29. Rxc8+ Qxc8 30. Qa3 Bf8 31. Qb3 Qc5 32. Kg2
Qd4 33. Nb5 Qd7 34. a4 h5 35. Qd5 Qg4 36. Qxe5 h4 37. Qf4 h3+ 38. Kh2 Qd1 39.
Nd6 Bxd6 40. Qxd6 Qf1 41. Qd8+ Kg7 42. Qd4+ Kh7 0-1

[Event "Troy (TCC/B/3/8)"]
[Site "?"]
[Date "1993.??.??"]
[Round "?"]
[White "Drysdale, Gilbert"]
[Black "Mousessian, J."]
[Result "1-0"]
[WhiteElo "1655"]
[BlackElo "1750"]
[PlyCount "71"]
[EventDate "1993.??.??"]

{3/(8)} 1. c4 e5 2. Nc3 Nf6 3. Nf3 d6 4. d4 e4 5. Ng5 Bf5 6. Qb3 Qc8 7. g4 Bxg4
8. Ngxe4 Nxe4 9. Nxe4 c6 10. Bf4 Qd7 11. Bxd6 Bxd6 12. Qxb7 Bb4+ 13. Qxb4 Qxd4
14. Nd6+ Kd7 15. Rd1 Qb6 16. Nxf7+ Kc7 17. Qd6+ Kb7 18. Nxh8 Qxb2 19. Qd2 Qxd2+
20. Rxd2 Nd7 21. Nf7 Rf8 22. Nd6+ Kc7 23. Rg1 Ne5 24. h3 Bd7 25. Rxg7 Rb8 26.
f3 c5 27. Nb5+ Kb6 28. Rd6+ Ka5 29. Rdxd7 Nxc4 30. Rxa7+ Kxb5 31. Rab7+ Rxb7
32. Rxb7+ Kc6 33. Rxh7 Ne3 34. Re7 Nf5 35. Re4 Kd5 36. e3 1-0

[Event "Troy (TCC/B/5/3)"]
[Site "?"]
[Date "1993.??.??"]
[Round "?"]
[White "Drysdale, Gilbert"]
[Black "Morabito, Matthew"]
[Result "1-0"]
[WhiteElo "1655"]
[BlackElo "1760"]
[PlyCount "93"]
[EventDate "1993.??.??"]

{5/(3)} 1. c4 Nf6 2. Nc3 g6 3. g3 Bg7 4. Bg2 O-O 5. e4 d6 6. Nge2 e5 7. O-O Nh5
8. d4 Nc6 9. Be3 f5 10. dxe5 Nxe5 11. Qd5+ Kh8 12. b3 Nf6 13. Qd1 Nxe4 14. Nxe4
fxe4 15. Bxe4 Qe7 16. Bd4 c6 17. f4 Ng4 18. Nc3 Nf6 19. Bf3 Bh3 20. Re1 Qd7 21.
Ne4 Rae8 22. Nxf6 Rxe1+ 23. Qxe1 Bxf6 24. Qc3 Qe7 25. Bxf6+ Qxf6 26. Qxf6+ Rxf6
27. Re1 Kg7 28. Re7+ Rf7 29. Rxf7+ Kxf7 30. Kf2 Ke6 31. g4 d5 32. cxd5+ cxd5
33. Be2 h5 34. gxh5 gxh5 35. Bxh5 d4 36. Bg6 Kf6 37. Be4 b6 38. Ke2 a5 39. Kd3
Be6 40. Kxd4 a4 41. Bd5 axb3 42. axb3 Bh3 43. Be4 Ke7 44. Ke5 b5 45. b4 Be6 46.
h4 Bf7 47. Bc6 1-0

[Event "Troy (TCC/B/1a/1)"]
[Site "?"]
[Date "1993.??.??"]
[Round "?"]
[White "Drysdale, Gilbert"]
[Black "Marinelli, Philip"]
[Result "1-0"]
[WhiteElo "1655"]
[BlackElo "1790"]
[PlyCount "96"]
[EventDate "1993.??.??"]

1. c4 e6 2. Nc3 Nf6 3. e4 Bb4 4. e5 Bxc3 5. bxc3 Ng8 6. Qg4 g6 7. d4 h5 8. Qg3
d5 9. Bg5 Qd7 10. Nf3 Nc6 11. Bd3 b6 12. Nh4 Nge7 13. Bf6 Rg8 14. O-O Ba6 15.
cxd5 Bxd3 16. dxc6 Qxc6 17. Qxd3 Nd5 18. Qe4 Ne7 19. Qxc6+ Nxc6 20. Rac1 g5 21.
Nf3 g4 22. Ng5 Nb8 23. Ne4 Rg6 24. Rfd1 Nd7 25. c4 Nxf6 26. Nxf6+ Ke7 27. Nxh5
Rh8 28. Nf4 Rgh6 29. h3 Rh4 30. g3 R4h6 31. h4 f6 32. Re1 f5 33. d5 Rc8 34.
Red1 Kf7 35. dxe6+ Rxe6 36. Nxe6 Kxe6 37. Re1 Re8 38. Rcd1 a6 39. f4 gxf3 40.
Kf2 Rg8 41. Kxf3 Rg4 42. h5 Rxc4 43. h6 Rc3+ 44. Re3 Rc2 45. Rh1 Rxa2 46. h7
Rd2 47. h8=Q Rd7 48. Qf6+ Kd5 1-0

[Event "East Lansing (MOR/3/4)"]
[Site "?"]
[Date "1993.??.??"]
[Round "?"]
[White "Drysdale, Gilbert"]
[Black "Imai, Toshio"]
[Result "1/2-1/2"]
[WhiteElo "1655"]
[BlackElo "1750"]
[PlyCount "50"]
[EventDate "1993.??.??"]

{3/(4)} 1. c4 e5 2. Nc3 Nf6 3. Nf3 e4 4. Ng5 b5 5. d3 exd3 6. Qxd3 bxc4 7. Qxc4
d5 8. Qh4 c5 9. e4 d4 10. Bc4 Be6 11. Nxe6 fxe6 12. e5 Be7 13. exf6 Bxf6 14.
Qe4 dxc3 15. Qxe6+ Qe7 16. Qxe7+ Kxe7 17. Be3 Nd7 18. b3 Rac8 19. O-O-O Ne5 20.
Ba6 Rc7 21. Rhe1 Kf7 22. Bf4 Re7 23. Kc2 Rhe8 24. Bb5 Rc8 25. Rd5 Nc6 1/2-1/2

[Event "Troy (TCC/M/1a/2)"]
[Site "?"]
[Date "1993.??.??"]
[Round "?"]
[White "Drkulec, Vladimir"]
[Black "Tsemekhman, Vadim"]
[Result "0-1"]
[WhiteElo "2205"]
[BlackElo "2435"]
[PlyCount "76"]
[EventDate "1993.??.??"]

1. d4 Nf6 2. c4 e5 3. dxe5 Ng4 4. Bf4 g5 5. Bg3 Bg7 6. Nf3 Nc6 7. Nc3 Ngxe5 8.
Nxe5 Nxe5 9. e3 Ng6 10. Be2 O-O 11. Qc2 d6 12. f3 Be6 13. O-O-O a5 14. Rhe1 a4
15. Nb5 a3 16. Nxa3 Qf6 17. e4 Ra5 18. Bf2 Rfa8 19. Bd4 Qf4+ 20. Kb1 Bxd4 21.
Rxd4 Qxh2 22. Bf1 Qg3 23. Re3 h5 24. Rb3 b6 25. Rb5 R5a6 26. Qc1 Ne5 27. Rd2
Qf4 28. Rc2 Qxc1+ 29. Rxc1 h4 30. Rc3 Kf8 31. Rbb3 Ra4 32. Rc1 Bd7 33. Rbc3 Ke7
34. Nc2 Rxa2 35. Na3 R2xa3 36. Rxa3 Rxa3 37. bxa3 Be6 38. Kb2 Nd7 0-1

[Event "Troy (TCC/M/5/1)"]
[Site "?"]
[Date "1993.??.??"]
[Round "?"]
[White "Drkulec, Vladimir"]
[Black "Men, Boris"]
[Result "0-1"]
[WhiteElo "2205"]
[BlackElo "2545"]
[PlyCount "58"]
[EventDate "1993.??.??"]

{5/(1)} 1. d4 Nf6 2. c4 c5 3. d5 b5 4. cxb5 a6 5. Nc3 axb5 6. e4 b4 7. Nb5 d6
8. Bc4 Ra5 9. Qe2 Nbd7 10. b3 g6 11. Bb2 Bg7 12. f4 Ba6 13. Nf3 O-O 14. O-O
Nxe4 15. Bxg7 Kxg7 16. Nxd6 Nc3 17. Qd3 exd6 18. Bxa6 Nf6 19. Bc4 Rxa2 20. Rxa2
Nxa2 21. Ng5 Nc3 22. Ra1 Qe7 23. f5 Ng4 24. Qd2 Qe5 25. g3 Ne2+ 26. Bxe2 Qxa1+
27. Kg2 Nf6 28. fxg6 hxg6 29. Qf4 Qb2 0-1

[Event "Flint (MEX/4)"]
[Site "?"]
[Date "1993.??.??"]
[Round "?"]
[White "Drkulec, Vladimir"]
[Black "Finegold, Ben"]
[Result "0-1"]
[WhiteElo "2120"]
[BlackElo "2550"]
[PlyCount "88"]
[EventDate "1993.??.??"]

1. d4 Nf6 2. c4 c5 3. d5 e5 4. Nc3 d6 5. e4 Be7 6. h3 Nbd7 7. Nf3 Nf8 8. Bd3
Ng6 9. g3 O-O 10. Bd2 Bd7 11. Qe2 a6 12. O-O-O b5 13. Rdg1 Qa5 14. Kb1 Rfb8 15.
Ka1 Qb6 16. Bc1 bxc4 17. Bxc4 Ne8 18. Nd2 Nc7 19. Qd3 Nb5 20. Ne2 Nf8 21. h4
Be8 22. h5 Nd7 23. Bb3 Nd4 24. Ba4 Qc7 25. Nc4 Rb4 26. b3 Nb6 27. Bxe8 Nxc4 28.
Bxf7+ Kxf7 29. bxc4 Rab8 30. Be3 Nb3+ 31. Kb2 Nd2+ 32. Ka1 Nxc4 33. Rb1 Qa5 34.
Rxb4 Qxb4 35. Qc3 Nxe3 36. fxe3 Qxe4 37. Rf1+ Kg8 38. Qd2 Bg5 39. Nc3 Qc4 40.
Rf5 {#} e4 41. Rxg5 Qf1+ 42. Qd1 Qf6 43. Rxg7+ Qxg7 44. Qe1 h6 0-1

[Event "Troy (TCC/M/3/4)"]
[Site "?"]
[Date "1993.??.??"]
[Round "?"]
[White "Drkulec, Vladimir"]
[Black "Feldman, Steve"]
[Result "1-0"]
[WhiteElo "2205"]
[BlackElo "2315"]
[PlyCount "101"]
[EventDate "1993.??.??"]

{3/(4)} 1. d4 Nf6 2. c4 e6 3. Nc3 d5 4. Bg5 Be7 5. Nf3 O-O 6. e3 h6 7. Bh4 b6
8. cxd5 Nxd5 9. Nxd5 exd5 10. Bxe7 Qxe7 11. Rc1 Be6 12. Qc2 Rc8 13. Bd3 c5 14.
dxc5 bxc5 15. O-O Nd7 16. Rfd1 Nf6 17. b3 a5 18. Nd2 Rab8 19. f3 Qa7 20. Re1 a4
21. Kh1 c4 22. bxc4 dxc4 23. Bxc4 Bxc4 24. Nxc4 Rb4 25. Qd2 Qb8 26. Ne5 Rd8 27.
Qc3 Nd5 28. Qa1 Rh4 29. f4 Re8 30. Qd4 Nf6 31. Qxa4 Rxe5 32. g3 Re4 33. Qa6
Rxh2+ 34. Kxh2 Qb2+ 35. Kh3 Qf2 36. Qe2 Qxe2 37. Rxe2 g5 38. Kg2 Nd5 39. Kf3 f5
40. Rc5 Ne7 41. fxg5 hxg5 42. Rxf5 Nxf5 43. Kxe4 Nxg3+ 44. Kf3 Nxe2 45. Kxe2
Kf7 46. Kf3 Ke6 47. Kg4 Ke5 48. a4 Ke4 49. Kxg5 Kxe3 50. a5 Ke4 51. a6 1-0

[Event "Troy (TCC/DEU/5/12)"]
[Site "?"]
[Date "1993.??.??"]
[Round "?"]
[White "Dowswell, A."]
[Black "O'Neill, M."]
[Result "1-0"]
[WhiteElo "1605"]
[BlackElo "1605"]
[PlyCount "41"]
[EventDate "1993.??.??"]

{5/(12)} 1. d4 d6 2. e4 e5 3. d5 c6 4. Nc3 Nf6 5. Bc4 b5 6. Bb3 Be7 7. Nge2 O-O
8. Ng3 Nbd7 9. dxc6 Nc5 10. O-O Qc7 11. Nd5 Nxd5 12. Bxd5 Ne6 13. Be3 a5 14.
Qd2 b4 15. Nh5 Ba6 16. Rfd1 Rad8 17. a4 Nc5 18. Bg5 h6 19. Bxh6 Kh7 20. Bxg7
Rh8 21. Qh6+ 1-0

[Event "Troy (TCC/DEU/1b/6)"]
[Site "?"]
[Date "1993.??.??"]
[Round "?"]
[White "Dowswell, A."]
[Black "Hartley, A."]
[Result "0-1"]
[WhiteElo "1605"]
[BlackElo "1605"]
[PlyCount "64"]
[EventDate "1993.??.??"]

1. d4 d5 2. c4 e6 3. e3 Nf6 4. Nc3 c6 5. Nf3 Bd6 6. c5 Bc7 7. Bd3 Nbd7 8. Qc2
e5 9. e4 exd4 10. Nxd4 Nxc5 11. Nxd5 Nxd3+ 12. Qxd3 cxd5 13. O-O O-O 14. Bg5
dxe4 15. Qd2 Qd6 16. g3 Bb6 17. Be3 Rd8 18. Rad1 Bh3 19. Rfe1 Bg4 20. Nb5 Qxd2
21. Rxd2 Rxd2 22. Bxd2 Rd8 23. Bb4 Bf3 24. Nd6 Nd5 25. Nxb7 Rb8 26. Ba5 Rxb7
27. Bxb6 Rxb6 28. Rc1 Kf8 29. h4 Rxb2 30. Rc8+ Ke7 31. Rh8 e3 32. fxe3 Nxe3 0-1

[Event "Troy (TCC/DEU/3/6)"]
[Site "?"]
[Date "1993.??.??"]
[Round "?"]
[White "Dowswell, A."]
[Black "Gaiefsky, S."]
[Result "0-1"]
[WhiteElo "1605"]
[BlackElo "1605"]
[PlyCount "92"]
[EventDate "1993.??.??"]

{3/(6)} 1. d4 g6 2. e4 Bg7 3. Nf3 d6 4. Bc4 Nf6 5. Nc3 O-O 6. O-O Nc6 7. Be3
Na5 8. Be2 Ng4 9. Bf4 Nc6 10. h3 e5 11. Bg5 f6 12. Bc4+ Kh8 13. Be3 Nh6 14. d5
Na5 15. Be2 b6 16. Bb5 a6 17. Be2 b5 18. b4 Nb7 19. Qd2 Nf7 20. h4 Qd7 21. Nh2
h5 22. f4 exf4 23. Bxf4 Ne5 24. Bh6 Qe7 25. Rf2 Kh7 26. Bf4 Bg4 27. Nxg4 hxg4
28. g3 Nd8 29. Raf1 Ndf7 30. Rh2 Bh6 31. h5 g5 32. Bxe5 Nxe5 33. Nd1 Nf3+ 34.
Bxf3 gxf3 35. Qd3 g4 36. Nf2 Qe5 37. Rh3 gxh3 38. Qxf3 Rg8 39. Ng4 Rxg4 40.
Qxg4 Rg8 41. Qf5+ Qxf5 42. Rxf5 Rxg3+ 43. Kh2 Rc3 44. Rxf6 Bg7 45. Rf7 Kh6 46.
Rf2 Be5+ 0-1

[Event "Eastpointe (MI Action/1/12)"]
[Site "?"]
[Date "1993.??.??"]
[Round "?"]
[White "Dowling, Ji"]
[Black "Mailing, Ian"]
[Result "0-1"]
[WhiteElo "1605"]
[BlackElo "1970"]
[PlyCount "62"]
[EventDate "1993.??.??"]

{1/(12)} 1. e4 d6 2. Nf3 g6 3. Bc4 c6 4. Nc3 Bg7 5. O-O Nf6 6. d3 O-O 7. Bd2
Nbd7 8. Ne2 d5 9. exd5 cxd5 10. Bb3 e5 11. Bc3 Qc7 12. h3 a5 13. a4 b6 14. d4
e4 15. Ne5 Bb7 16. Nf4 Rad8 17. Qd2 g5 18. Nxd5 Nxd5 19. Qxg5 Nxc3 20. bxc3
Nxe5 21. dxe5 Qxe5 22. Qg3 Rd6 23. Rad1 Rfd8 24. Rd4 Qh5 25. Rxd6 Rxd6 26. Qf4
Rd7 27. Qb8+ Bf8 28. Qg3+ Qg6 29. Qxg6+ hxg6 30. Re1 Kg7 31. Bc4 Rd2 0-1

[Event "Eastpointe (MI Action/6/18)"]
[Site "?"]
[Date "1993.??.??"]
[Round "?"]
[White "Dowling, Ji"]
[Black "Iyer, Krishnan"]
[Result "1/2-1/2"]
[WhiteElo "1605"]
[BlackElo "1605"]
[PlyCount "39"]
[EventDate "1993.??.??"]

{6/(18)} 1. e4 e5 2. Nf3 Nc6 3. Bc4 Bc5 4. O-O a6 5. c3 d6 6. d4 exd4 7. cxd4
Ba7 8. Nc3 h6 9. Re1 Bg4 10. Ne2 f6 11. h3 Bxf3 12. gxf3 Qd7 13. Kg2 O-O-O 14.
d5 Ne5 15. Qb3 g5 16. f4 Nf7 17. f5 Ne7 18. Be3 Bxe3 19. fxe3 Ne5 20. Nd4
1/2-1/2

[Event "Eastpointe (MI Action/5/17)"]
[Site "?"]
[Date "1993.??.??"]
[Round "?"]
[White "Dowling, Ji"]
[Black "Collins, Charles"]
[Result "0-1"]
[WhiteElo "1605"]
[BlackElo "1700"]
[PlyCount "63"]
[EventDate "1993.??.??"]

{5/(17)} 1. e4 Nf6 2. e5 Nd5 3. d4 d6 4. exd6 cxd6 5. c4 Nb6 6. Nc3 Nc6 7. Nf3
Bg4 8. Be3 e6 9. h3 Bh5 10. g4 Bg6 11. b3 Be7 12. d5 Nb4 13. a3 Nc2+ 14. Ke2
Nxa1 15. Qxa1 Rc8 16. Nb5 Bf6 17. Bd4 a6 18. Bxf6 gxf6 19. Nxd6+ Qxd6 20. Qxf6
Rg8 21. a4 Nd7 22. Qb2 exd5 23. Ke1 Qf6 24. Qe2+ Qe7 25. Nd2 Qe5 26. f4 Qxe2+
27. Kxe2 f6 28. f5 Bf7 29. Bg2 h5 30. cxd5 Rc2 31. Kd3 Rc8 32. Re1+ 0-1

[Event "Eastpointe (MI Action/3/15)"]
[Site "?"]
[Date "1993.??.??"]
[Round "?"]
[White "Dowling, Ji"]
[Black "Calton, David A"]
[Result "0-1"]
[WhiteElo "1605"]
[BlackElo "1740"]
[PlyCount "48"]
[EventDate "1993.??.??"]

{3/(15)} 1. e4 e5 2. Nf3 Nf6 3. Bc4 Nc6 4. d3 Bc5 5. Bg5 O-O 6. O-O h6 7. Bxf6
Qxf6 8. Nc3 Ne7 9. Qd2 d6 10. Nd5 Nxd5 11. Bxd5 c6 12. Bb3 Bg4 13. Ne1 Rae8 14.
h3 Bc8 15. c4 Qg6 16. Bd1 Bxh3 17. Bf3 f5 18. Kh1 Bg4 19. Bxg4 Qxg4 20. b4 Bd4
21. Rb1 fxe4 22. dxe4 Rf4 23. Rb3 Ref8 24. Nd3 Rxf2 0-1

[Event "Flint (MI Jr/2)"]
[Site "?"]
[Date "1993.??.??"]
[Round "?"]
[White "Dowd, P."]
[Black "Soto, O."]
[Result "0-1"]
[WhiteElo "1605"]
[BlackElo "1605"]
[PlyCount "60"]
[EventDate "1993.??.??"]

1. d4 d5 2. Nf3 Nf6 3. e3 Bg4 4. Bd3 e6 5. O-O Nc6 6. c3 e5 7. Be2 e4 8. Ne5
Bxe2 9. Qxe2 Bd6 10. Nxc6 bxc6 11. c4 O-O 12. c5 Be7 13. Nc3 Re8 14. Qa6 Qd7
15. b4 h6 16. b5 cxb5 17. Qxb5 c6 18. Qa6 Qc7 19. Rb1 Ng4 20. g3 Rab8 21. Ba3
Nf6 22. Bb4 h5 23. Ba5 Qd7 24. Rxb8 Rxb8 25. Rb1 Re8 26. Rb7 Qh3 27. Qxc6 Ng4
28. Qxe8+ Kh7 29. Qxe7 Qxh2+ 30. Kf1 Qxf2# 0-1

[Event "East Lansing (MOR/3/47)"]
[Site "?"]
[Date "1993.??.??"]
[Round "?"]
[White "Dohm, F."]
[Black "Taylor, J."]
[Result "1-0"]
[WhiteElo "1605"]
[BlackElo "1605"]
[PlyCount "121"]
[EventDate "1993.??.??"]

{3/(47)} 1. Nf3 d5 2. b3 Nc6 3. Bb2 Bf5 4. e3 Nf6 5. d3 e6 6. Nh4 d4 7. Nxf5
exf5 8. Be2 dxe3 9. fxe3 Bc5 10. Qd2 O-O 11. Rf1 g6 12. h3 Re8 13. e4 Bd4 14.
c3 Be5 15. Qe3 fxe4 16. dxe4 Nb4 17. Na3 Qe7 18. O-O-O Nc6 19. Nc4 Rad8 20. Bd3
b6 21. Ba3 Qe6 22. Kc2 Rd7 23. Nxe5 Nxe5 24. Bb5 Rxd1 25. Rxd1 Ned7 26. Rd4 Rd8
27. g4 c6 28. Bc4 Qe8 29. g5 Nh5 30. Rd1 Ne5 31. Be2 Rxd1 32. Bxd1 Ng7 33. Be2
Qd8 34. Qg3 Nd7 35. Qd3 Ne6 36. Bb2 Ndc5 37. Qe3 Qxg5 38. Qxg5 Nxg5 39. b4
Ncxe4 40. h4 Ng3 41. Ba6 Nf3 42. Bb7 Ne5 43. a4 Nf5 44. Kb3 Nxh4 45. c4 Nd3 46.
Bf6 Nf5 47. Bxc6 h5 48. a5 bxa5 49. bxa5 h4 50. Kc3 Nc5 51. Kb4 Na6+ 52. Kb5
Nc7+ 53. Kc5 h3 54. Be5 Ne6+ 55. Kb4 Ne3 56. c5 Nf1 57. Bd5 Ne3 58. Bxe6 fxe6
59. c6 Nd5+ 60. Kc5 Ne7 61. Kd6 1-0

[Event "East Lansing (MOR/7/39)"]
[Site "?"]
[Date "1993.??.??"]
[Round "?"]
[White "Dohm, F."]
[Black "Kincare, K."]
[Result "0-1"]
[WhiteElo "1605"]
[BlackElo "1605"]
[PlyCount "114"]
[EventDate "1993.??.??"]

{7/(39)} 1. d4 Nf6 2. Nf3 g6 3. e3 d5 4. c4 Bg7 5. Nc3 O-O 6. b3 c5 7. Bd3 cxd4
8. Nxd4 e5 9. Nf3 e4 10. Bc2 exf3 11. Qxf3 d4 12. Ne2 d3 13. Bxd3 Qxd3 14. O-O
Bg4 15. Nf4 Bxf3 16. Nxd3 Be2 17. Ba3 Bxf1 18. Kxf1 Rd8 19. Nc5 Ne4 20. Nxb7
Rd2 21. Re1 Rxa2 22. Bb4 Nc6 23. Bc5 Nd2+ 24. Ke2 Nxb3+ 25. Kf3 Ne5+ 26. Kg3 h5
27. Be7 Bh6 28. h3 Nd3 29. Rd1 Nxf2 30. Rf1 Bxe3 31. Nd6 g5 32. Nf5 Bf4+ 33.
Kf3 Nd2+ 34. Kxf2 Nxf1+ 35. Kxf1 Bh2 36. Bxg5 Rb8 37. Bh4 Rb1+ 38. Be1 h4 39.
Nd4 Bg3 40. Nf3 Bxe1 41. Nxe1 a5 42. c5 Kf8 43. c6 Ke8 44. g3 Raa1 45. gxh4
Rxe1+ 46. Kf2 Rf1+ 47. Ke2 Rae1+ 48. Kd3 Rf3+ 49. Kc4 Kd8 50. Kb5 Kc8 51. h5
Rxh3 52. Kxa5 Rxh5+ 53. Kb6 Rh6 54. Kc5 Kc7 55. Kb5 Rxc6 56. Ka5 Rb1 57. Ka4
Ra6# 0-1

[Event "East Lansing (MOR/1a/15)"]
[Site "?"]
[Date "1993.??.??"]
[Round "?"]
[White "Dohm, F."]
[Black "Drysdale, Gilbert"]
[Result "0-1"]
[WhiteElo "1605"]
[BlackElo "1655"]
[PlyCount "102"]
[EventDate "1993.??.??"]

1. e4 d5 2. e5 c5 3. Nf3 Nc6 4. b3 Bg4 5. Bb2 d4 6. Be2 Qd5 7. d3 Bxf3 8. Bxf3
Qxe5+ 9. Be2 e6 10. Nd2 Nf6 11. Nf3 Qc7 12. Qd2 Bd6 13. c3 Nd5 14. O-O e5 15.
Rfe1 O-O 16. b4 dxc3 17. Bxc3 Nxc3 18. Qxc3 Nxb4 19. Nd2 Nc6 20. Rab1 Nd4 21.
Bg4 f5 22. Bh3 Rae8 23. g3 e4 24. Bg2 exd3 25. Bd5+ Kh8 26. Rxe8 Rxe8 27. Kf1
b6 28. Qxd3 Qe7 29. Kg2 Qe2 30. Qc3 f4 31. Bf3 Nxf3 32. Nxf3 Re3 33. Ng1 Rxc3
34. Nxe2 f3+ 35. Kf1 fxe2+ 36. Kxe2 Rc2+ 37. Kf3 Rxa2 38. Rd1 Bf8 39. h4 b5 40.
g4 b4 41. Ke3 c4 42. Rd8 Kg8 43. f4 Ra3+ 44. Kd2 Rd3+ 45. Rxd3 cxd3 46. Kxd3 a5
47. g5 g6 48. h5 gxh5 49. f5 Bg7 50. f6 Bxf6 51. gxf6 h4 0-1

[Event "East Lansing (MOR/5/47)"]
[Site "?"]
[Date "1993.??.??"]
[Round "?"]
[White "Dohm, F."]
[Black "Arenson, Kevin"]
[Result "1-0"]
[WhiteElo "1605"]
[BlackElo "1605"]
[PlyCount "71"]
[EventDate "1993.??.??"]

{5/(47)} 1. e4 e5 2. Nf3 Nc6 3. Bb5 d5 4. d3 Nf6 5. Nxe5 Bd6 6. Nxc6 Qd7 7. Nd4
c6 8. Ba4 b5 9. Bb3 O-O 10. Nc3 b4 11. Nce2 dxe4 12. Be3 c5 13. dxe4 cxd4 14.
Qxd4 Re8 15. f3 Bb7 16. O-O-O Red8 17. e5 Bc7 18. exf6 Qxd4 19. Nxd4 gxf6 20.
Rde1 Be5 21. Nf5 a5 22. Nh6+ Kh8 23. Nxf7+ Kg7 24. Bh6+ Kg6 25. Nxd8 Rxd8 26.
Be3 f5 27. f4 Bxg2 28. Rhg1 Bf6 29. Rxg2+ Kh6 30. Bd2 Rd6 31. Re3 Bg5 32. Rh3+
Kg6 33. Ba4 Kf6 34. Rxg5 Kf7 35. Rxh7+ Ke6 36. Bb3+ 1-0

[Event "Trenton (Mar)"]
[Site "?"]
[Date "1993.??.??"]
[Round "?"]
[White "Dlugas, D."]
[Black "Poschel, Paul"]
[Result "1-0"]
[WhiteElo "1890"]
[BlackElo "2310"]
[PlyCount "66"]
[EventDate "1993.??.??"]

1. c4 c5 2. Nc3 Nf6 3. Nf3 d5 4. cxd5 Nxd5 5. g3 Nc6 6. Bg2 Nc7 7. d3 e5 8. O-O
Be7 9. Ne1 Bd7 10. f4 exf4 11. Bxf4 O-O 12. Nc2 Ne6 13. Nd5 Nxf4 14. Nxe7+ Qxe7
15. Rxf4 Rfe8 16. e4 Rad8 17. Ne3 Be6 18. Nd5 Bxd5 19. exd5 Qe3+ 20. Kh1 Nb4
21. Qf1 f6 22. Be4 Nc2 23. Qh3 h6 24. Raf1 Nd4 25. Qg4 Re5 26. Qg6 Rg5 27. Qh7+
Kf7 28. Rxf6+ Ke7 29. Rf7+ Kd6 30. R1f6+ gxf6 31. Rxf6+ Ke5 32. Qe7+ Ne6 33.
Qxe6+ Kd4 {[White played the illegal 34.Qxd8 at this point.]} 1-0

[Event "East Lansing (MOR/7/18)"]
[Site "?"]
[Date "1993.??.??"]
[Round "?"]
[White "Distefano, R."]
[Black "Stark, J."]
[Result "0-1"]
[WhiteElo "1605"]
[BlackElo "1605"]
[PlyCount "53"]
[EventDate "1993.??.??"]

{7/(18)} 1. e4 c5 2. Nf3 e6 3. d4 cxd4 4. Nxd4 Nf6 5. Nc3 a6 6. Bg5 Be7 7. f4
d6 8. Qf3 Nbd7 9. O-O-O Qc7 10. g4 b5 11. a3 Bb7 12. Bxf6 Nxf6 13. h4 h6 14.
Bd3 d5 15. g5 dxe4 16. Nxe4 Nd7 17. Qf2 Bc5 18. Rhf1 Bb6 19. Nc3 O-O-O 20. Be4
Bxe4 21. Nxe4 Nb8 22. Rd3 Nc6 23. Rfd1 Nxd4 24. Rxd4 Bxd4 25. Rxd4 Rxd4 26.
Qxd4 Qxf4+ 27. Nd2 0-1

[Event "East Lansing (MOR/2/17)"]
[Site "?"]
[Date "1993.??.??"]
[Round "?"]
[White "Distefano, R."]
[Black "Stanulis, T."]
[Result "1-0"]
[WhiteElo "1605"]
[BlackElo "1675"]
[PlyCount "83"]
[EventDate "1993.??.??"]

{2/(17)} 1. e4 c5 2. Nf3 d6 3. d4 cxd4 4. Nxd4 a6 5. Bc4 Nf6 6. Nc3 b5 7. Bd3
Bb7 8. a3 e6 9. Bg5 Be7 10. O-O Nbd7 11. Re1 Qc7 12. Rc1 O-O 13. Nf3 h6 14. Bf4
Nh5 15. Be3 Nhf6 16. h3 d5 17. exd5 Nxd5 18. Nxd5 Bxd5 19. Be2 Rfd8 20. Qd2 Nf6
21. Bd4 Rac8 22. Qe3 Qb7 23. Red1 Be4 24. c3 Nh7 25. Ra1 Ng5 26. Nxg5 Bxg5 27.
Qg3 f5 28. f4 Bxf4 29. Qxf4 Bxg2 30. Qg3 Be4 31. Kh2 g5 32. Rg1 f4 33. Qxf4 Rf8
34. Qe5 Kh7 35. Qxe6 Rce8 36. Qg4 Bf5 37. Qg2 Qc7+ 38. Qg3 Rxe2+ 39. Rg2 Rxg2+
40. Kxg2 Be4+ 41. Kh2 Rf2+ 42. Bxf2 1-0

[Event "Lansing (MI Am/3)"]
[Site "?"]
[Date "1993.??.??"]
[Round "?"]
[White "Distefano, R."]
[Black "Smalec, John"]
[Result "1/2-1/2"]
[WhiteElo "1605"]
[BlackElo "1700"]
[PlyCount "103"]
[EventDate "1993.??.??"]

1. e4 e6 2. d4 d5 3. e5 c5 4. c3 Nc6 5. Nf3 Qb6 6. Be2 cxd4 7. cxd4 Nh6 8. Nc3
Nf5 9. Na4 Qc7 10. O-O Bd7 11. Rb1 Rc8 12. b3 Be7 13. Bb2 a6 14. Rc1 O-O 15.
Rc2 Qd8 16. a3 Na5 17. Rxc8 Bxc8 18. Qc2 Bd7 19. b4 Nc4 20. Bxc4 dxc4 21. Nc5
Bc6 22. Qxc4 Bb5 23. Qc1 Bxf1 24. Kxf1 Qd5 25. Qd1 Rd8 26. Qd3 Bxc5 27. bxc5
Qxc5 28. g4 Ne7 29. Ng5 Qb5 30. Qxb5 axb5 31. Ke2 Nd5 32. Ne4 Rc8 33. Kd3 b6
34. Nd6 Rc6 35. Nxb5 Nf4+ 36. Ke3 g5 37. Nc3 b5 38. Nxb5 Rc2 39. Ba1 Rc1 40.
Bc3 Nd5+ 41. Kd2 Rb1 42. a4 Nxc3 43. Kxc3 Kf8 44. Kc4 Ke7 45. Kc5 Kd7 46. Kb6
Kc8 47. a5 Kb8 48. a6 Rb2 49. a7+ Ka8 50. Ka6 Rc2 51. Kb6 Rb2 52. Ka6 1/2-1/2

[Event "Lansing (MI Am/1)"]
[Site "?"]
[Date "1993.??.??"]
[Round "?"]
[White "Distefano, R."]
[Black "Kruskie, Jerry"]
[Result "0-1"]
[WhiteElo "1605"]
[BlackElo "1850"]
[PlyCount "40"]
[EventDate "1993.??.??"]

1. e4 c5 2. Nf3 Nc6 3. d4 cxd4 4. Nxd4 g6 5. Be3 Bg7 6. Nc3 Nf6 7. f3 O-O 8.
Qd2 d5 9. exd5 Nxd5 10. Nxd5 Qxd5 11. Nxc6 bxc6 12. Qxd5 cxd5 13. c3 a5 14. Bc5
Be6 15. Bxe7 Rfe8 16. Ba3 d4 17. Bb5 Bd7+ 18. Be2 Bb5 19. O-O-O Bxe2 20. Rde1
d3 0-1